| 000 | 00607nam a2200205Ii 4500 | ||
|---|---|---|---|
| 003 | JO-AjNU | ||
| 008 | 230605s9999||||xx |||||||||||||| ||und|| | ||
| 040 |
_aJO-AjNU _bara _erda _cJO-AjNU |
||
| 041 | _aara | ||
| 050 | 1 | 4 | _aNA2715.A23 2004 |
| 100 | 3 |
_aالملحم,نبيل تأليف, _eauthor _919414 |
|
| 245 | 0 | 0 | _aظلال شخصية |
| 250 | _aط1 | ||
| 264 | 3 | 1 | _aدمشق:دار الطليعة الجديدة,1995 |
| 300 | _a205ص | ||
| 336 |
_atext _btxt _2rdacontent |
||
| 337 |
_aunmediated _bn _2rdamedia |
||
| 338 |
_avolume _bnc _2rdacarrier |
||
| 650 | 4 |
_aظلال-ظلال شخصية _919415 |
|
| 999 |
_aA6403 _c9971 _d9971 |
||